000 00726nam a22002057a 4500
999 _c16484
_d16484
003 AR-CdUCM
008 190503b ||||| |||| 00| 0 spa d
040 _aMUNICIPALIDAD PROVINCIAL DEL CUSCO
_cBIBLIOTECA MUNICIPAL DEL CUSCO
082 _a869.508 /
_bP226
100 _aPardo y Aliaga, Felipe
_926521
245 _aEl espejo de mi tierra /
260 _aLima :
_bEdit. Universo,
_c1971.
300 _a191 páginas ;
_c17 cm.
505 _aContenido: Estudio preliminar -- Prologo -- El paseo de amancaes -- Mi prologo -- Opera o nacionalismo -- El suicidio...
650 _aHumorismo peruano
_91668
650 _aSiglo XIX
_9971
650 _aPoesías peruanas
_91481
942 _2ddc
_cLIBROS
945 _adavv
_d03/05/2019